MARC details
| 000 -LEADER |
| fixed length control field |
01673cam a2200361 i 4500 |
| 001 - CONTROL NUMBER |
| control field |
ocn872420262 |
| 003 - CONTROL NUMBER IDENTIFIER |
| control field |
OCoLC |
| 005 - DATE AND TIME OF LATEST TRANSACTION |
| control field |
20250228071101.0 |
| 008 - FIXED-LENGTH DATA ELEMENTS--GENERAL INFORMATION |
| fixed length control field |
140308s2014 nyu 000 1 eng d |
| 020 ## - INTERNATIONAL STANDARD BOOK NUMBER |
| International Standard Book Number |
9780316210966 (hbk.) |
| 020 ## - INTERNATIONAL STANDARD BOOK NUMBER |
| International Standard Book Number |
031621096X (hbk.) |
| 035 ## - SYSTEM CONTROL NUMBER |
| System control number |
(OCoLC)872420262 |
| 040 ## - CATALOGING SOURCE |
| Original cataloging agency |
BTCTA |
| Language of cataloging |
eng |
| Description conventions |
rda |
| Transcribing agency |
BTCTA |
| Modifying agency |
BDX |
| -- |
AZZPT |
| -- |
WIM |
| -- |
GK8 |
| -- |
MCANN |
| -- |
UPZ |
| -- |
JSE |
| -- |
TnLv ILS |
| 100 1# - MAIN ENTRY--PERSONAL NAME |
| Personal name |
Patterson, James, |
| Dates associated with a name |
1947- |
| Relator term |
author. |
| 245 10 - TITLE STATEMENT |
| Title |
Hope to die / |
| Statement of responsibility, etc. |
James Patterson. |
| 250 ## - EDITION STATEMENT |
| Edition statement |
First edition. |
| 264 #1 - PRODUCTION, PUBLICATION, DISTRIBUTION, MANUFACTURE, AND COPYRIGHT NOTICE |
| Place of production, publication, distribution, manufacture |
New York : |
| Name of producer, publisher, distributor, manufacturer |
Little, Brown and Company, |
| Date of production, publication, distribution, manufacture, or copyright notice |
2014. |
| 300 ## - PHYSICAL DESCRIPTION |
| Extent |
374, 10 pages ; |
| Dimensions |
24 cm. |
| 336 ## - CONTENT TYPE |
| Content type term |
text |
| Content type code |
txt |
| Source |
rdacontent. |
| 337 ## - MEDIA TYPE |
| Media type term |
unmediated |
| Media type code |
n |
| Source |
rdamedia. |
| 338 ## - CARRIER TYPE |
| Carrier type term |
volume |
| Carrier type code |
nc |
| Source |
rdacarrier. |
| 490 1# - SERIES STATEMENT |
| Series statement |
Alex Cross series ; |
| Volume/sequential designation |
[bk. 20] |
| 500 ## - GENERAL NOTE |
| General note |
Series numbering from author's website. |
| 520 ## - SUMMARY, ETC. |
| Summary, etc. |
Detective Alex Cross is being stalked by a psychotic genius, forced to play the deadliest game of his career. Cross's family--his loving wife Bree, the wise and lively Nana Mama, and his precious children--have been ripped away. Terrified and desperate, Cross must give this mad man what he wants if he has any chance of saving the most important people in his life. The stakes have never been higher: What will Cross sacrifice to save the ones he loves? |
| 600 10 - SUBJECT ADDED ENTRY--PERSONAL NAME |
| Personal name |
Cross, Alex |
| Titles and other words associated with a name |
(Fictitious character) |
| Form subdivision |
Fiction. |
| 650 #0 - SUBJECT ADDED ENTRY--TOPICAL TERM |
| Topical term or geographic name as entry element |
African American detectives |
| Form subdivision |
Fiction. |
| 651 #0 - SUBJECT ADDED ENTRY--GEOGRAPHIC NAME |
| Geographic name |
Washington (D.C.) |
| Form subdivision |
Fiction. |
| 655 #7 - INDEX TERM--GENRE/FORM |
| Genre/form data or focus term |
Thrillers (Fiction) |
| Source of term |
lcgft. |
| 655 #7 - INDEX TERM--GENRE/FORM |
| Genre/form data or focus term |
Detective and mystery fiction. |
| Source of term |
lcgft. |
| 800 1# - SERIES ADDED ENTRY--PERSONAL NAME |
| Personal name |
Patterson, James, |
| Dates associated with a name |
1947- |
| Title of a work |
Alex Cross series ; |
| Volume/sequential designation |
bk. 20. |
| 907 ## - LOCAL DATA ELEMENT G, LDG (RLIN) |
| a |
.b32377006x |
| 942 ## - ADDED ENTRY ELEMENTS (KOHA) |
| Koha item type |
Libro/Book |